000
00191 a2200109 4500
020
_a
9780452279186
041
_a
eng
100
_a
Julia Alvarez
245
_a
Yo
942
_c
BK
952
_7
1
999
_c
25124
_d
25124